Number Maze III Quiz Stats

 Plays Quiz Updated Aug 25, 2017

Support Sporcle.
Go Orange.
Score 0/51 Timer 01:00
0 Plays Today
% Correct
???
100%
???
93.1%
???
90.7%
???
88.8%
???
87.4%
???
85.9%
???
84.7%
???
83.9%
???
83.3%
???
82.4%
???
81.9%
???
81.3%
???
80.1%
???
79.6%
???
78.3%
???
77.9%
???
76.8%
???
76.1%
???
75.7%
???
75.1%
???
74.7%
???
74.3%
???
73.8%
???
73.2%
???
72.9%
???
71.9%
% Correct
???
71.3%
???
71.1%
???
70.7%
???
70.2%
???
69.9%
???
69.5%
???
69%
???
68.6%
???
67.9%
???
67.5%
???
66.8%
???
66.3%
???
65.7%
???
65.1%
???
64.6%
???
64%
???
63.5%
???
62.9%
???
62.4%
???
61.8%
???
61.4%
???
60.6%
???
60%
???
59.1%
???
58.7%

You're not logged in!

Compare scores with friends on all Sporcle quizzes.
OR
Log In

From the Vault

WCW Most PPV Matches

by freddie3000

If this company had been around a few more years, Vince Russo would have reached the top of this list.
Remove Ads.
Support Sporcle.
Get the best of Sporcle when you Go Orange. This ad-free experience offers more features, more stats, and more fun while also helping to support Sporcle. Thank you for becoming a member.

Show Comments

Extras

Top Quizzes Today


Score Distribution

Your Account Isn't Verified!

In order to create a playlist on Sporcle, you need to verify the email address you used during registration. Go to your Sporcle Settings to finish the process.

Report this User

Report this user for behavior that violates our Community Guidelines.

Details: